| 000 | 00734nam a22002417a 4500 | ||
|---|---|---|---|
| 003 | UA-OsUOA | ||
| 001 | 25381 | ||
| 007 | ta | ||
| 008 | 20040405b un ||||| |||| 00| 0 ukr d | ||
| 090 |
_a34(094):342.9(477) _bЗ-18 |
||
| 942 | _cBK | ||
| 040 |
_aUA-OsUOA _bukr _cUA-OsUOA _dUA-OsUOA |
||
| 245 |
_aЗаконодавство України про адміністративну відповідальність. _bБюлетень законодавства і юридичної практики України. |
||
| 300 | _a240 с. | ||
| 955 | _a0 | ||
| 041 | _aukr | ||
| 080 | _a34(094):342.9(477) | ||
| 260 |
_aКиїв _bЮРінком _c1997 |
||
| 246 | 3 | 1 |
_a№3 _n |
| 044 | _aUA | ||
| 650 | 7 | _2UDC | |
| 999 |
_c311674 _d311674 |
||